| 000 | 00360nam a2200109Ia 4500 | ||
|---|---|---|---|
| 008 | 171204s9999 xx 000 0 und d | ||
| 245 | _aIreland, Memory and Performing the Historical Imagination: | ||
| 245 | _cC. Collins and Mary P. Caulfield | ||
| 260 | _c2014 | ||
| 650 | _xINTRODUCTION TO THEATRE ARTS | ||
| 856 | _uhttp://down.ebook777.com/060/1137362170.pdf | ||
| 999 |
_c346169 _d346169 |
||